Senarai istilah seni lukis : Bahasa Inggeris - Bahasa Malaysia

Bibliographic Details
Corporate Author: Dewan Bahasa dan Pustaka
Format: Book
Published: Kuala Lumpur : Dewan Bahasa dan Pustaka , 1981
Subjects:

MARC

LEADER 00000cam a2200000 7i4500
001 0000006463
005 20050419.0
040 |a INS 
090 0 0 |a N33.   |b S46 1981 
245 1 0 |a Senarai istilah seni lukis :   |b Bahasa Inggeris - Bahasa Malaysia 
260 |a Kuala Lumpur :   |b Dewan Bahasa dan Pustaka ,   |c 1981 
300 |a xi, 37ms. ;   |c 22 cm. 
650 0 0 |a Art   |x Dictionaries 
710 2 |a Dewan Bahasa dan Pustaka 
999 |a 0000003412   |b BOOK   |c Reference   |e Default branch